Diseño estructural de pavimento semiflexible de 5.5 km por el método ASSHTO 93 en el tramo Colon Arriba Namanji en el municipio la Concordia, departamento de Jinotega

Presenta el diseño estructural de pavimento semiflexible de 5.5 km por el método ASSHTO 93 en el tramo Colon Arriba Namanji en el municipio la Concordia, departamento de Jinotega, primeramente se realizó un análisis de las propiedades físico mecánicas del suelo del tramo así como a los bancos...

Full description

Bibliographic Details
Main Authors: Andino Álvarez, Jorge Isaac, Huete Gutiérrez, Luis Alonso., Pérez Leiva, Jocelyn Anahí
Other Authors: Tutor: Parajón Centeno, Llich
Format: Tesis Section = Libro
Language:Undetermined
Spanish
Published: Managua UNI/RUACS 2015
Subjects:
LEADER 01586nam a2200313Ia 4500
008 240830s9999 xx 000 0 und d
040 |a BIBLIOTECA-RUPAP T.Mon 625.8 A552 
041 |a spa 
082 |a T.Mon 625.8 A552 
100 1 |a Andino Álvarez, Jorge Isaac 
100 1 |b Huete Gutiérrez, Luis Alonso. 
100 1 |c  Pérez Leiva, Jocelyn Anahí 
245 1 0 |a Diseño estructural de pavimento semiflexible de 5.5 km por el método ASSHTO 93 en el tramo Colon Arriba Namanji en el municipio la Concordia, departamento de Jinotega 
260 |a Managua  |b UNI/RUACS  |c 2015 
300 |a 76 p. :il. 
500 |a Contiene: anexos e Incluye: CD. 
502 |a Tesis (Ingeniero Civil)- UNI, 2015. 
520 3 |a Presenta el diseño estructural de pavimento semiflexible de 5.5 km por el método ASSHTO 93 en el tramo Colon Arriba Namanji en el municipio la Concordia, departamento de Jinotega, primeramente se realizó un análisis de las propiedades físico mecánicas del suelo del tramo así como a los bancos de materiales para el respectivo cálculo de los espesores, se realizó un aforo vehicular en el tramo para determina el trafico promedio diario anual TPDA y las cargar que por el transitaran. 
650 7 |a PAVIMENTO DE CARRETERAS 
650 7 |b PAVIMENTO FLEXIBLE 
650 7 |c PAVIMENTOS DE ASFALTO 
650 7 |e ESTUDIO DE SUELO 
650 7 |f ESTUDIO DE TRAFICO 
650 7 |g DISEÑO DE DRENAJE - CALLES 
650 7 |h ESTUDIO DE IMPACTO AMBIENTAL 
700 1 |a Tutor:  |b Parajón Centeno, Llich 
942 |c BK  |2 ddc 
991 |a TESIS 
999 |c 18186